00492 2200193 4500001002100000005001500021035002000036245003700056100002100093250000600114300002900120260003400149082001300183084001900196020001400215008004100229650001700270990001100287INLIS00000000000165420240506102302 a0010-04240000091 aTwin Samurai /cYuzuru Shimazaki0 aYuzuru Shimazaki a1 a50 hlm :bIlust ;c25 cm aJakarta :bPT Gramedia,c1996 a741.5592 a741.5592 YUZ t a979203966240506 0  4aKomik Jepang a003252